Biggest Cities on the Adriatic Sea on a Map - Statistics

General Stats
  • This quiz has been taken 126 times
  • The average score is 9 of 15
Answers on the Map
Answers color-coded by a green-red scale on the quiz's map according to % correct below.
 
Answer Stats
Population City % Correct
255,609 Venice
99%
313,003 Bari
95%
199,773 Trieste
94%
167,121 Split
89%
113,249 Durrës
73%
128,384 Rijeka
73%
148,688 Rimini
66%
99,108 Ancona
64%
71,471 Zadar
63%
79,513 Vlorë
51%
119,455 Pescara
49%
83,848 Brindisi
45%
92,927 Barletta
27%
96,238 Pesaro
24%
60,105 Fano
19%
No matching quizzes found
Score Distribution
Percent of People with Each Score
Percentile by Number Answered
Your Score History
You have not taken this quiz